| 000 | 01734nam a2200385 a 4500 | ||
|---|---|---|---|
| 001 | ebr10068573 | ||
| 003 | CaPaEBR | ||
| 006 | m u | ||
| 007 | cr cn||||||||| | ||
| 008 | 031106s2004 caua sb s000 0 eng | ||
| 010 | _z 2003024224 | ||
| 020 | _z0520242459 (alk. paper) | ||
| 040 |
_aCaPaEBR _cCaPaEBR |
||
| 035 | _a(OCoLC)70758349 | ||
| 050 | 1 | 4 |
_aPS1303 _b.S25 2004eb |
| 082 | 0 | 4 |
_a818/.409 _222 |
| 100 | 1 |
_aTwain, Mark, _d1835-1910. |
|
| 245 | 1 | 0 |
_aMark Twain's helpful hints for good living _h[electronic resource] : _ba handbook for the damned human race / _cMark Twain ; edited by Lin Salamo, Victor Fischer, and Michael B. Frank of the Mark Twain Project. |
| 260 |
_aBerkeley : _bUniversity of California Press, _cc2004. |
||
| 300 |
_axiv, 207 p. : _bill. |
||
| 490 | 1 |
_aJumping frogs ; _v2 |
|
| 500 | _a"The Mark Twain Project is a reserach and editorial project housed within the Mark Twain Papers at the Bancroft Library, Univ. of Calif., Berkeley." | ||
| 504 | _aIncludes bibliographical references. | ||
| 533 |
_aElectronic reproduction. _bPalo Alto, Calif. : _cebrary, _d2013. _nAvailable via World Wide Web. _nAccess may be limited to ebrary affiliated libraries. |
||
| 600 | 1 | 0 |
_aTwain, Mark, _d1835-1910 _vQuotations. |
| 650 | 0 |
_aConduct of life _vQuotations, maxims, etc. |
|
| 650 | 0 |
_aConduct of life _vLiterary collections. |
|
| 655 | 7 |
_aElectronic books. _2local |
|
| 700 | 1 | _aSalamo, Lin. | |
| 700 | 1 |
_aFischer, Victor, _d1942- |
|
| 700 | 1 | _aFrank, Michael B. | |
| 710 | 2 | _aebrary, Inc. | |
| 800 | 1 |
_aTwain, Mark, _d1835-1910. _tJumping frogs ; _v2. |
|
| 856 | 4 | 0 |
_uhttp://site.ebrary.com/lib/rucke/Doc?id=10068573 _zAn electronic book accessible through the World Wide Web; click to view |
| 999 |
_c41713 _d41713 |
||